Statistics for Classic Songs by Australian Artists

Click here to take the quiz!

General Stats

  • This quiz has been taken 27 times
  • The average score is 6 of 16

Answer Stats

LyricArtistSong Title% Correct
I thought I saw a man brought to life
He was warm, he came around like he was dignified
Natalie ImbrugliaTorn
71%
It's a song about a place that we all come from
Oh, look out, Australians in the audience
Yes, I thought as much
Men At WorkDown Under
63%
Livin' easy
Lovin' free
Season ticket on a one way ride
AC/DCHighway to Hell
54%
One, two, three, one, two, three, drink
One, two, three, one, two, three, drink
SiaChandelier
50%
There is freedom within
There is freedom without
Try to catch the deluge in a paper cup
Crowded HouseDon't Dream It's Over
50%
But you didn't have to cut me off
Make out like it never happened and that we were nothing
Gotye ft. KimbraSomebody That I Used to Know
46%
There's nothing left to talk about
Unless it's horizontally
Olivia Newton-JohnPhysical
42%
Monday mornin' feels so bad
Ev'rybody seems to nag me
The EasybeatsFriday on My Mind
29%
Every night
Every day
Just to be there in your arms
Won't you stay
Kylie MinogueCan't Get You Out of My Head
25%
All you've got is this moment
Twenty-first century's yesterday
INXSI Need You Tonight
25%
I was scared of dentists and the dark
I was scared of pretty girls and starting conversations
Vance JoyRiptide
21%
Got a ticket for a world where we belong
So would you be my baby?
Savage GardenTo the Moon and Back
21%
Can't move my arms
Can't lift my hands
I won't admit to where I am
But I know baby
Tina ArenaChains
17%
First things first, I'm the realest (realest)
Drop this and let the whole world feel it (let 'em feel it)
Iggy AzaleaFancy
17%
We can remember swimming in December
Heading for the city lights in 1975
Empire of the SunWe Are the People
17%
You push and you push and I'm pulling away
Pulling away from you
I give and I give and I give and you take, give and you take
5 Seconds of SummerYoungblood
4%

Score Distribution

Percentile by Number Answered

Percent of People with Each Score

Your Score History

You have not taken this quiz